Az IKEA fenntarthatósági stratégiája és üzleti kommunikációja A fogyasztói bizalom és márkahűség kapcsolata
| Szerző: | |
|---|---|
| További közreműködők: | |
| Dokumentumtípus: | Diplomadolgozat |
| Kulcsszavak: | fenntarthatóság fogyasztói magatartás márkahűség vállalati kommunikáció zöld marketing |
| Online Access: | http://dolgozattar.uni-bge.hu/59930 |
MARC
| LEADER | 00000nta a2200000 i 4500 | ||
|---|---|---|---|
| 001 | dolg59930 | ||
| 005 | 20260409145748.0 | ||
| 008 | 260409suuuu hu om 000 hun d | ||
| 040 | |a BGE Dolgozattár Repozitórium |b hun | ||
| 041 | |a hu | ||
| 100 | 1 | |a Handler-Kóra Martin | |
| 245 | 1 | 3 | |a Az IKEA fenntarthatósági stratégiája és üzleti kommunikációja |b A fogyasztói bizalom és márkahűség kapcsolata |c Handler-Kóra Martin |h [elektronikus dokumentum] |
| 520 | 3 | |a Összefoglaló A szakdolgozat célja az IKEA fenntarthatósági stratégiájának és üzleti kommunikációjának elemzése, különös tekintettel arra, hogy ezek hogyan hatnak a fogyasztói bizalomra és márkahűségre. A dolgozat bemutatja az IKEA gyakorlati fenntarthatósági törekvéseit, a körforgásos gazdasági modellre való átállását, valamint az ezekhez kapcsolódó kommunikációs tevékenységeket. Primer kutatás keretében kérdőíves felmérés készült, amely a fogyasztói attitűdöket, vásárlási szokásokat és a fenntarthatósági kommunikáció hitelességének megítélését vizsgálta. Az eredmények alapján a fenntarthatósági értékek hatékony kommunikációja erősíti a márkába vetett bizalmat, növeli a vásárlói lojalitást, és hosszú távon üzleti előnyt biztosít. A dolgozat javaslatokat is megfogalmaz a fenntarthatósági kommunikáció fejlesztésére. | |
| 695 | |a fenntarthatóság | ||
| 695 | |a fogyasztói magatartás | ||
| 695 | |a márkahűség | ||
| 695 | |a vállalati kommunikáció | ||
| 695 | |a zöld marketing | ||
| 700 | 1 | |a Merliot-Almássy Dr. Eszter |e ths | |
| 856 | 4 | 0 | |u http://dolgozattar.uni-bge.hu/59930/1/Kora_Martin_Szakdolgozat_2025_v%C3%A9gleges.pdf |z Dokumentum-elérés |
| 856 | 4 | 0 | |u http://dolgozattar.uni-bge.hu/59930/2/K%C3%B3ra%20Martin%20szakdolgozat%20b%C3%ADr%C3%A1lat_KBSZ.pdf |z Dokumentum-elérés |
| 856 | 4 | 0 | |u http://dolgozattar.uni-bge.hu/59930/3/BA%20KM%20magyar%20b%C3%ADr%C3%A1lati%20lap%20BELS%C5%90_Kora_Martin.pdf |z Dokumentum-elérés |